Statistics for FIFA 17 Premier League Top 10 Central Defenders

Click here to take the quiz!

General Stats

  • This quiz has been taken 127 times
  • The average score is 8 of 10

Answer Stats

Rank Player OVA % Correct
1Vincent Kompany86
92%
10Gary Cahill83
85%
5John Terry84
84%
7Chris Smalling84
83%
2Laurent Koscielny85
79%
3Nicolas Otamendi85
79%
4Toby Alderweireld85
74%
6David Luiz84
71%
9Per Mertesacker83
59%
8Shkodran Mustafi83
57%

Score Distribution

Percentile by Number Answered

Percent of People with Each Score

Your Score History

You have not taken this quiz